| 000 | 04911cam a22012974i 4500 | ||
|---|---|---|---|
| 001 | u154539 | ||
| 003 | PE-LiUPU | ||
| 005 | 20250813185317.0 | ||
| 008 | 150922s2014 ck rb 000 0 spa d | ||
| 020 | _a9789587621846 | ||
| 035 | _a(Sirsi) i9789587621846 | ||
| 040 |
_aPE-LiUPU _bspa _cPE-LiUPU _erda |
||
| 049 | _aPRUA | ||
| 082 | 0 | 4 |
_a375 _bO74 _220 |
| 100 | 1 |
_aOrtiz Ocaña, Alexander Luis, _eautor. |
|
| 245 | 1 | 0 |
_aCurrículo y didáctica / _cAlexander Ortiz Ocaña. |
| 264 | 1 |
_aBogotá : _bEdiciones de la U, _c2014. |
|
| 300 |
_a178 páginas ; _c21 centímetros |
||
| 336 |
_atext _2rdacontent |
||
| 337 |
_aunmediated _2rdamedia |
||
| 338 |
_avolume _2rdacarrier |
||
| 490 | 0 | _aEducación | |
| 504 | _aIncluye bibliografía. | ||
| 505 | 0 | _aCurrículo -- ¿Qué es el currículo? - ¿Cuáles son las principales concepciones curriculares? - ¿Qué es el diseño, desarrollo y evaluación curricular? - ¿Cuáles son las dimensiones, niveles y documentos curriculares? -- Formulación de estándares, logros e indicadores de desempeño - ¿Qué es un estándar? - ¿Qué es un logro? - ¿Qué es un indicador de desempeño? - ¿Cómo formular estándares del saber, saber hacer, ser y convivir? - ¿Cómo formular logros cognoscitivos, logros procedimentales y logros actitudinales? - ¿Cómo formular logros instructivos, logros educativos y logros formativos? -- Diseño curricular -- ¿Cuál debe ser la estructura didáctica organizativa del currículo? - Didáctica -- Didáctica: enseñar y aprender - Eslabones del proceso de enseñanza-aprendizaje - Actividades configurantes para estimular el desarrollo humano integral - Momentos del proceso didáctico - Procedimiento metodológico para orientar científicamente el aprendizaje autónomo y auténtico -- Desarrollo de la clase excelente -- Conceptualización didáctica de la clase - Parámetros, exigencias, postulados, principios e indicadores de la clase excelente - Planeación didáctica de la clase excelente -- Requerimientos didácticos -- Consideraciones iniciales - Relaciones entre objeto, objetivo, contenido y método - Requerimientos relacionados con el rol del docente - Requerimientos referidos a la actividad-comunicación - Requerimientos relacionados con el rol del estudiante. | |
| 526 | _aP202 | ||
| 526 | _aP201 | ||
| 526 | _aP163 | ||
| 526 | _aP162 | ||
| 526 | _aP161 | ||
| 526 | _aP160 | ||
| 526 | _aP148 | ||
| 526 | _aP147 | ||
| 526 | _aP146 | ||
| 526 | _aP145 | ||
| 526 | _aP144 | ||
| 526 | _aP143 | ||
| 526 | _aP142 | ||
| 526 | _aP141 | ||
| 526 | _aP140 | ||
| 526 | _aP139 | ||
| 526 | _aP138 | ||
| 526 | _aP137 | ||
| 526 | _aP136 | ||
| 526 | _aP135 | ||
| 526 | _aP134 | ||
| 526 | _aP133 | ||
| 526 | _aP129 | ||
| 526 | _aP128 | ||
| 526 | _aP127 | ||
| 526 | _aP120 | ||
| 526 | _aP119 | ||
| 526 | _aP118 | ||
| 526 | _aP116 | ||
| 526 | _aP115 | ||
| 526 | _aP114 | ||
| 526 | _aP110 | ||
| 526 | _aP109 | ||
| 526 | _aP108 | ||
| 526 | _aP104 | ||
| 526 | _aP103 | ||
| 526 | _aP102 | ||
| 526 | _aP99 | ||
| 526 | _aP98 | ||
| 526 | _aP97 | ||
| 526 | _aP96 | ||
| 526 | _aP95 | ||
| 526 | _aP93 | ||
| 526 | _aP90 | ||
| 526 | _aP89 | ||
| 526 | _aP88 | ||
| 526 | _aP83 | ||
| 526 | _aP82 | ||
| 526 | _aP62 | ||
| 526 | _aP59 | ||
| 526 | _aP58 | ||
| 526 | _aP57 | ||
| 526 | _aP51 | ||
| 526 | _aP49 | ||
| 526 | _aP48 | ||
| 526 | _aP47 | ||
| 526 | _aP29 | ||
| 526 | _aP24 | ||
| 526 | _aP20 | ||
| 526 | _aP19 | ||
| 526 | _aP17 | ||
| 526 | _aP15 | ||
| 526 | _aP14 | ||
| 526 | _aP12 | ||
| 526 | _aP10 | ||
| 526 | _aP09 | ||
| 526 | _aP08 | ||
| 526 | _aP07 | ||
| 526 | _aP06 | ||
| 526 | _aP05 | ||
| 526 | _aP04 | ||
| 526 | _aP01 | ||
| 541 | _g001-003081; | ||
| 541 | _g001-0039832; | ||
| 596 | _a1 2 | ||
| 650 | 1 | 4 |
_aCurrículo. _9398 |
| 650 | 1 | 4 | _aMétodos de enseñanza. |
| 650 | 1 | 4 | _aPedagogía. |
| 650 | 1 | 4 |
_aPlanificación curricular. _9400 |
| 910 |
_ardg _bjck _crdg _d20150922 |
||
| 942 |
_2ddc _cBOOK |
||
| 994 |
_aC0 _bPEPRU |
||
| 949 |
_a375 O74 _wDEWEY _c1 _i73715 _d2018-5-10 _e2018-5-10 _f2018-2-12 _g2 _lCCODEBUL1 _mBUL _n1 _p29.70 _q1 _r0 _sY _tBOOK _u2016-6-16 _xEDUCACION _PP20 _0COMPRA _o.STAFF. Colección General |
||
| 949 |
_a375 O74 _wDEWEY _c1 _iFT02898 _lCCODEBUT1 _mBUT _p14.06 _r0 _sY _tBOOK _u2015-9-22 _xBIBLIOTECA _zUNKNOWN _0COMPRA _o.STAFF. Colección General |
||
| 999 |
_a375 O74 _wDEWEY _c7241 _iFT02898 _f2019-2-20 _g1 _lCCODEBUT1 _mBUT _p14.06 _r0 _sY _tBOOK _u2015-9-22 _xBIBLIOTECA _zUNKNOWN _0COMPRA _o.STAFF. Colección General _d7241 |
||
| 999 |
_a375 O74 _wDEWEY _c1 _i73715 _d2018-5-10 _e2018-5-10 _f2021-11-8 _g5 _lCCODEBUL1 _mBUL _n1 _p29.70 _q1 _r0 _sY _tBOOK _u2016-6-16 _xEDUCACION _PP20 _0COMPRA _o.STAFF. Colección General |
||
| 980 |
_81 _gALBERTO SANCHEZ Responsable de Automatización |
||